000
00323nam a2200133Ia 4500
008
200103s9999||||xx |||||||||||||| ||und||
040
_a
IMU-MPC
082
_a
Column-22
100
_a
Love, Clyde E.
245
0
_a
Differential and integral calculus
260
_b
Macmillan, London
_c
1962
300
_a
xvii, 579
942
_c
BK
999
_c
6664
_d
6664